Lịch trình giảm thuế của Việt Nam để thực hiện khu vực mậu dịch tự do ASEAN - AFTA
Na minha lista:
| Autor principal: | |
|---|---|
| Formato: | Livro |
| Idioma: | Vietnamese |
| Publicado em: |
Tài chính
1998
|
| Tags: |
Adicionar Tag
Sem tags, seja o primeiro a adicionar uma tag!
|
| Thư viện lưu trữ: | Mạng thư viện Đại học Đà Nẵng |
|---|
| LEADER | 00690nam a2200253 4500 | ||
|---|---|---|---|
| 001 | 000020340 | ||
| 003 | 16785 | ||
| 005 | 20150316140352.0 | ||
| 008 | 150316s1998 viesd | ||
| 020 | |c 00 | ||
| 041 | 0 | |a vie | |
| 082 | 1 | 4 | |a 336.26 |b BÔ |
| 100 | 1 | |a Bộ Tài chính | |
| 245 | 1 | 0 | |a Lịch trình giảm thuế của Việt Nam để thực hiện khu vực mậu dịch tự do ASEAN - AFTA |c Bộ Tài chính |
| 260 | |b Tài chính |c 1998 | ||
| 300 | |a tr. |c cm. | ||
| OWN | |a LSP | ||
| 999 | |a From the UDN01 | ||
| TYP | |a Monograph | ||
| TYP | |a Printed language | ||
| 980 | |a Mạng thư viện Đại học Đà Nẵng | ||